Thermodynamics (Record no. 14476)

000 -LEADER
fixed length control field 00514nam a2200193 4500
001 - CONTROL NUMBER
control field 14476
003 - CONTROL NUMBER IDENTIFIER
control field BD-DhUET
008 - FIXED-LENGTH DATA ELEMENTS--GENERAL INFORMATION
fixed length control field 680301s1968 nyua b 000 0 eng
040 ## - CATALOGING SOURCE
Original cataloging agency DLC
Transcribing agency DLC
Modifying agency BD-DhUET
082 ## - DEWEY DECIMAL CLASSIFICATION NUMBER
Classification number 536.7
Item number BAT/1968
100 ## - MAIN ENTRY--PERSONAL NAME
Personal name Battino, Rubin
245 10 - TITLE STATEMENT
Title Thermodynamics
Statement of responsibility, etc. an introduction
260 ## - PUBLICATION, DISTRIBUTION, ETC. (IMPRINT)
Place of publication, distribution, etc. New York
Name of publisher, distributor, etc. Academic Press
Date of publication, distribution, etc. 1968
300 ## - PHYSICAL DESCRIPTION
Extent xv, 330 p.
Other physical details illus.
Dimensions 24 cm.
504 ## - BIBLIOGRAPHY, ETC. NOTE
Bibliography, etc Includes bibliographies
650 #0 - SUBJECT ADDED ENTRY--TOPICAL TERM
Topical term or geographic name as entry element Thermodynamics physics
700 1# - ADDED ENTRY--PERSONAL NAME
Personal name Wood, Scott E.
942 ## - ADDED ENTRY ELEMENTS (KOHA)
Koha item type General Book
Holdings
Koha item type Damaged status Shelving location Withdrawn status Koha date last seen Sublocation or collection (holding branch) Not for loan Source of classification or shelving scheme Price effective from Piece designation (barcode) Date acquired Koha normalized classification for sorting Location (home branch) Lost status Copy number Koha full call number
General Book Circulation section 2015-03-08Central Library, BUET  2015-03-08235722015-03-08536_700000000000000_BAT_1968Central Library, BUET 1536.7/BAT/1968